| 000 | 00612nam a2200229Ia 4500 | ||
|---|---|---|---|
| 003 | OSt | ||
| 005 | 20220928105148.0 | ||
| 006 | a|||||r|||| 00| 0 | ||
| 007 | ta | ||
| 008 | 220927b |||||||| |||| 00| 0 eng d | ||
| 024 | _a54684 | ||
| 037 | _cTextual | ||
| 040 |
_aSDCL _cSDCL _beng |
||
| 041 |
_2eng _aeng |
||
| 082 | _aR3, 15L2 | ||
| 100 | _aShastri Mangaldeva | ||
| 245 | 0 |
_aJeevana - Joyoti _b Life philosophy . |
|
| 260 |
_aDelhi _bBhartiya gyanpetha Prakashan _c1972 |
||
| 300 |
_a336p. _ccm. |
||
| 942 |
_hR3, 15L2 _cTEXL _2CC |
||
| 999 |
_c729955 _d729955 |
||